Cherukat govinda pisharody / (Record no. 40141)

MARC details
000 -LEADER
fixed length control field 00689nam a22002057a 4500
005 - DATE AND TIME OF LATEST TRANSACTION
control field 20100807152724.0
010 ## - LCCN (DPL NO)
LC control number ENG-98842
020 ## - INTERNATIONAL STANDARD BOOK NUMBER
International Standard Book Number 8126014946
Terms of availability 25.00
035 ## - SYSTEM CONTROL NUMBER
System control number EN-82374
037 ## - SOURCE OF ACQUISITION
Source of stock number/acquisition DBAD/PUB
082 ## - DEWEY DECIMAL CLASSIFICATION NUMBER
Classification number 883
100 ## - MAIN ENTRY--PERSONAL NAME
Personal name Rajagopalan, E. P.
245 ## - TITLE STATEMENT
Title Cherukat govinda pisharody /
Statement of responsibility, etc by E. P. Rajagopalan
260 ## - PUBLICATION, DISTRIBUTION, ETC. (IMPRINT)
Place of publication, distribution, etc New Delhi
Name of publisher, distributor, etc Sahitya Akademi
Date of publication, distribution, etc 2002
270 ## - ADDRESS
Address Rabindra Bhavan, 35 Ferozeshah Road
City New Delhi
Postal code 110001
300 ## - PHYSICAL DESCRIPTION
Extent 83p.
Dimensions 23cm (pbk)
490 ## - SERIES STATEMENT
Series statement Makers of English Literature
-- 8751
942 ## - ADDED ENTRY ELEMENTS (KOHA)
Source of classification or shelving scheme Dewey Decimal Classification
Item type English Books
Classification part 883
Call number suffix RAJ
Holdings
Withdrawn status Lost status Not for loan Collection code Home library Current library Date acquired Source of acquisition Cost, normal purchase price Full call number Barcode Copy number Cost, replacement price Koha item type
    Not For Loan Non-fiction D.B.Act.Division D.B.Act.Division 07/08/2010 DBAD/PUB 25.00 883 RAJ EN-82374 1 25.00 English Books

© Delhi Public Library
Hit Counter
free hit counter